000 00222nam a2200097Ia 4500
008 220120s9999||||xx |||||||||||||| ||und||
082 _a530 BAS
100 _aBasavaraju, S.B
245 0 _aEngineering physics
300 _b295
999 _c136298
_d136298